000 01587nam a2200229Ia 4500
003 Ost
005 20260507075512.0
008 260507s9999||||xx |||||||||||||| ||und||
020 _a9957121707
040 _cfsecg
041 _aara
082 _a658
100 _aالدوري، زكريا
_eمؤلف
245 0 _aالفكر الاستراتيجي وانعكاساته على نجاح منظمات الأعمال :
_bقراءات وبحوث /
_c زكريا الدوري
260 _aعمان:
_bدار اليازوري,
_c2009
300 _a436 صفحة؛
_bإيضاحات ؛
_c25 سم
504 _aببليوغرافيا:ص ص.435-436
520 _aدور بناء السيناريوهات في تنشيط الفكر الاستراتيجي في عالم متغير،علاقة إدارة المعرفة بنظم المعلومات وأثرها في انضاج القرار الاستراتيجي،آليات التحليل الإستراتيجي وعوامل النجاح الحرجة،استراتيجيات مصفوفة قيمة الزبون مدخل معاصر لتحقيق الميزة التنافسية،محفظة خيارات الاستراتيجية المقترحة لمنظمات الأعمال العربية في مواجهة تحديات القرن الحادي والعشرين،المنظور الاستراتيجي لإدارة المشاريع الصغيرة والريادية،اسبقيات إدارة الجودة الشاملة
653 _aإدارة الأعمال
700 _aأحمد، علي صالح
_eمؤلف ثانوي
942 _cكتاب
999 _c44741
_d44741